| 000 | 00617nam a2200157 4500 | ||
|---|---|---|---|
| 008 | 230830b |||||||| |||| 00| 0 eng d | ||
| 082 |
_a300.72 _bSOC |
||
| 245 | _aSocial Science research capacity in South Asia | ||
| 260 |
_aNew York: _bSocial Science research council, _c2002 |
||
| 300 |
_a160 p. _bBibliography included |
||
| 440 |
_aSSRC working paper _v6 |
||
| 650 | _aRESEARCH-Social Sciences | ||
| 700 | _aChatterjee, Partha | ||
| 856 | _uhttp://www.unipune.ac.in/snc/cssh/historysociology/A%20DOCUMENTS%20ON%20HISTORY%20OF%20SOCIOLOGY%20IN%20INDIA/A%209%20On%20sociology%20research/A%209%2016.pdf | ||
| 942 | _cRP | ||
| 999 |
_c3315 _d3315 |
||